[Event "PUR-ch"]
[Site "Guaynabo"]
[Date "2020.12.04"]
[Round "1"]
[White "Matta Calvente, Marcel"]
[Black "Diaz Montes, Edwin"]
[Result "0-1"]
[WhiteElo "1834"]
[BlackElo "2046"]
[PlyCount "74"]
[EventDate "2020.12.04"]
[EventType "tourn"]
[EventRounds "9"]
[EventCountry "PUR"]
[SourceTitle "EXT 2022"]
[Source "ChessBase"]
[SourceDate "2021.10.06"]
[SourceVersion "1"]
[SourceVersionDate "2021.10.06"]
[SourceQuality "1"]

1. Nf3 Nf6 2. c4 e6 3. g3 d5 4. Bg2 d4 5. b4 Bxb4 6. Qa4+ Nc6 7. Ne5 Rb8 8. Ba3 a5 9. Bxb4 axb4 10. a3 bxa3 11. Nxa3 0-0 12. Nxc6 bxc6 13. Bxc6 d3 14. e3 Qd6 15. Rb1 Bd7 16. Bxd7 Nxd7 17. Rxb8 Rxb8 18. 0-0 Nc5 19. Qa7 Qb6 20. Qxb6 Rxb6 21. Rb1 f5 22. Rxb6 cxb6 23. Kf1 Kf7 24. Ke1 Ne4 25. f3 Nc5 26. Kd1 Nb3 27. Nb5 Ke7 28. Nd4 Na5 29. Kc1 Nxc4 30. Nc6+ Kd6 31. Nb4 Ne5 32. f4 Ng4 33. h3 Nf2 34. Kb2 Kc5 35. Kb3 Kb5 36. Kc3 Ne4+ 37. Kb3 Nxd2+ 0-1

[Event "PUR-ch"]
[Site "San Juan"]
[Date "2016.04.10"]
[Round "10"]
[White "Diaz Montes, Edwin"]
[Black "Vazquez Maccarini, Danitza"]
[Result "0-1"]
[WhiteElo "1974"]
[BlackElo "2043"]
[PlyCount "100"]
[EventDate "2016.04.01"]
[EventType "tourn"]
[EventRounds "11"]
[EventCountry "PUR"]
[SourceTitle "CBM 171 Extra"]
[Source "ChessBase"]
[SourceDate "2016.04.26"]
[SourceVersion "1"]
[SourceVersionDate "2016.04.26"]
[SourceQuality "1"]

1. d4 Nf6 2. c4 e6 3. Nf3 Bb4+ 4. Bd2 c5 5. Bxb4 cxb4 6. g3 0-0 7. Bg2 d6 8. 0-0 a5 9. a3 Na6 10. axb4 Nxb4 11. Nc3 Qc7 12. Nd2 Bd7 13. e4 Rac8 14. b3 Rfd8 15. Ndb1 b5 16. Nxb5 Bxb5 17. cxb5 Qb6 18. Na3 d5 19. e5 Ne8 20. Qd2 Nc7 21. Rac1 Nxb5 22. Nxb5 Qxb5 23. Rxc8 Rxc8 24. Rc1 Rxc1+ 25. Qxc1 Nc6 26. Bf1 Qb6 27. Qc5 Qxc5 28. dxc5 Nd4 29. f4 Kf8 30. Kf2 Nxb3 31. c6 Ke7 32. Bb5 Kd8 33. Ke3 Kc7 34. Kd3 a4 35. Kc3 Na5 36. Bxa4 Nxc6 37. Bc2 h6 38. g4 f6 39. exf6 gxf6 40. h4 Kd6 41. h5 Ke7 42. Ba4 Nd8 43. Kd4 Kd6 44. Be8 e5+ 45. Ke3 Ne6 46. fxe5+ fxe5 47. Bg6 d4+ 48. Kd2 Ng5 49. Bf5 e4 50. Ke2 Ke5 0-1

[Event "Guaynabo 3rd"]
[Site "Guaynabo"]
[Date "2013.07.11"]
[Round "9"]
[White "Diaz Montes, Edwin"]
[Black "Vazquez Maccarini, Danitza"]
[Result "0-1"]
[WhiteElo "1982"]
[BlackElo "1859"]
[PlyCount "140"]
[EventDate "2013.07.05"]
[EventType "tourn"]
[EventRounds "9"]
[EventCountry "PUR"]
[SourceTitle "EXT 2014"]
[Source "ChessBase"]
[SourceDate "2013.11.20"]
[SourceVersion "1"]
[SourceVersionDate "2013.11.20"]
[SourceQuality "1"]

1. g3 Nf6 2. Bg2 d5 3. d4 e6 4. Nf3 b6 5. 0-0 Bd6 6. c4 c6 7. Nc3 0-0 8. Qc2 Ba6 9. b3 Nbd7 10. e4 dxe4 11. Ng5 Rc8 12. Ngxe4 Be7 13. Rd1 Nxe4 14. Nxe4 Nf6 15. Ng5 h6 16. Nf3 Bb7 17. Qe2 a6 18. Ne5 Nd7 19. Nd3 Bf6 20. Nf4 Qc7 21. Nh5 Rfe8 22. Bf4 Qd8 23. Qg4 Kh8 24. Rac1 Qe7 25. c5 b5 26. Bd6 Qd8 27. Be4 Bg5 28. Bf4 f5 29. Bxg5 Qxg5 30. Qxg5 hxg5 31. Bf3 g6 32. Re1 gxh5 33. Bxh5 Re7 34. Bg6 Rf8 35. d5 e5 36. Red1 Rf6 37. dxc6 Bxc6 38. Rd6 Ree6 39. Bxf5 Rxd6 40. cxd6 Rxd6 41. Bxd7 Bxd7 42. Rc5 Bh3 43. f3 g4 44. Rxe5 Rd1+ 45. Kf2 Rd2+ 46. Ke3 Rxa2 47. Rh5+ Kg7 48. fxg4 Rxh2 49. Kd4 Kg6 50. Kc5 Rc2+ 51. Kb6 Bxg4 52. Re5 Bc8 53. b4 Rc4 54. Ka5 Kf6 55. Re8 Kg5 56. Rg8+ Kf5 57. Rf8+ Kg4 58. Rf6 Kxg3 59. Rc6 Bb7 60. Rf6 Rf4 61. Rg6+ Kf3 62. Rf6 Ke3 63. Rb6 Bc8 64. Rc6 Rc4 65. Rd6 Ke4 66. Rd8 Rc3 67. Kb6 Ke5 68. Ka5 Ra3+ 69. Kb6 Be6 70. Ra8 Kd4 0-1